Blake studies ; notes on his life and works, in seventeen chapters.

Bibliographic Details
Main Author: Keynes, Geoffrey, 1887-1982
Format: Book
Language:English
Published: London : R. Hart-Davis, 1949.
Subjects:

MARC

Tag First Indicator Second Indicator Subfields
LEADER 00000cam a2200000 4500
001 in00000163921
005 20151006080234.0
008 761016s1949 enka b 00000 engmd
010 |a  49006212  
035 |a (OCoLC)02506854 
035 |9 AAS0191AM 
040 |a DLC  |c TYC  |d TYC  |d TXA  |d UtOrBLW 
049 |a TXAM  |c [195138] 
050 0 0 |a PR4146  |b .K4 
082 0 |a 928.2 
100 1 |a Keynes, Geoffrey,  |d 1887-1982. 
245 1 0 |a Blake studies ;  |b notes on his life and works, in seventeen chapters. 
264 1 |a London :  |b R. Hart-Davis,  |c 1949. 
300 |a xiii, 208, 48 pages :  |b illustrations ;  |c 26 cm. 
336 |a text  |b txt  |2 rdacontent 
337 |a unmediated  |b n  |2 rdamedia 
338 |a volume  |b nc  |2 rdacarrier 
504 |a "Bibliography of writings by Geoffrey Keynes on Blake": pages [191]-199. 
600 1 0 |a Blake, William,  |d 1757-1827. 
999 |a MARS 
999 f f |s ff5ab439-283f-32d5-998f-3c2de1be36d4  |i 67ee5999-45ee-3d03-9288-9f0a7f8438da  |t 0 
952 f f |p normal  |a Texas A&M University  |b College Station  |c Sterling C. Evans Library  |d Evans: Library Stacks  |t 0  |e PR4146 .K4  |h Library of Congress classification  |i unmediated -- volume  |m A14803939124 
998 f f |a PR4146 .K4  |t 0  |l Evans: Library Stacks